[Event "ISR-chT"]
[Site "Israel"]
[Date "2020.01.18"]
[Round "4.6"]
[White "Emanuel, Yahav"]
[Black "Rodshtein, Maxim"]
[Result "0-1"]
[WhiteElo "2356"]
[BlackElo "2628"]
[PlyCount "100"]
[EventDate "2020.01.10"]
[EventType "team-tourn"]
[EventRounds "11"]
[EventCountry "ISR"]
[SourceTitle "CBM 194 Extra"]
[Source "ChessBase"]
[SourceDate "2020.03.31"]
[SourceVersion "1"]
[SourceVersionDate "2020.03.31"]
[SourceQuality "1"]
[WhiteTeam "Herzliya Atudat Haim"]
[BlackTeam "Beer Sheva Eliyahu Levant"]
[WhiteTeamCountry "ISR"]
[BlackTeamCountry "ISR"]

1. e4 c6 2. d4 d5 3. e5 Bf5 4. h4 h5 5. c4 e6 6. Nc3 Ne7 7. Nge2 Nd7 8. Ng3 Bg6 9. Bg5 Qb6 10. Qd2 dxc4 11. Bxc4 0-0-0 12. Na4 Qc7 13. Rc1 Nxe5 14. Bf4 Nxc4 15. Bxc7 Nxd2 16. Bxd8 Nb3 17. axb3 Kxd8 18. Nc3 Nc8 19. Ke2 Nd6 20. Ke3 Be7 21. f3 Kd7 22. Nce4 Bxe4 23. fxe4 g5 24. Rc5 gxh4 25. Rxh5 Rg8 26. Ne2 f5 27. e5 Ne4 28. Rh7 Ke8 29. Rxe7+ Kxe7 30. Rxh4 Rxg2 31. Rh7+ Ke8 32. Rxb7 c5 33. b4 cxd4+ 34. Nxd4 Rg3+ 35. Ke2 f4 36. Rb8+ Kf7 37. Rb7+ Kg6 38. Re7 Re3+ 39. Kf1 f3 40. Rxe6+ Kg5 41. Nxf3+ Rxf3+ 42. Ke2 Rf7 43. Kd3 Kf5 44. Re8 Ng5 45. Kc4 Ne6 46. b5 Rb7 47. Ra8 Kxe5 48. b6 axb6 49. Kb5 Kd6 50. Ka6 Kc6 0-1

[Event "Herzliya Dobkin Memorial"]
[Site "Herzliya"]
[Date "2019.11.29"]
[Round "3"]
[White "Emanuel, Yahav"]
[Black "Caspi, Israel"]
[Result "0-1"]
[WhiteElo "2375"]
[BlackElo "2473"]
[PlyCount "90"]
[EventDate "2019.11.27"]
[EventType "tourn"]
[EventRounds "9"]
[EventCountry "ISR"]
[EventCategory "8"]
[SourceTitle "CBM 193 Extra"]
[Source "ChessBase"]
[SourceDate "2020.01.31"]
[SourceVersion "1"]
[SourceVersionDate "2020.01.31"]
[SourceQuality "1"]

1. e4 e5 2. Nf3 Nc6 3. Bb5 g6 4. d4 exd4 5. Bg5 Be7 6. Bxe7 Qxe7 7. Bxc6 dxc6 8. Qxd4 Nf6 9. Nc3 Bg4 10. Nd2 c5 11. Qe3 0-0-0 12. h3 Bd7 13. 0-0-0 Bc6 14. Rhe1 Rhe8 15. Qh6 b6 16. g4 Qe6 17. f3 Kb7 18. f4 Rd4 19. Qh4 Red8 20. f5 Qe5 21. g5 Nh5 22. Nf3 Rxd1+ 23. Rxd1 Rxd1+ 24. Kxd1 Qe7 25. Ke2 b5 26. Kf2 b4 27. Nd5 Bxd5 28. exd5 Qd6 29. Qc4 a6 30. fxg6 fxg6 31. Ke3 Ng7 32. Qe4 Nf5+ 33. Kd2 c6 34. Qe8 Qxd5+ 35. Ke2 a5 36. Kf2 c4 37. c3 bxc3 38. bxc3 Qd3 39. Qe1 Nd6 40. Qe7+ Ka6 41. Qe1 Ne4+ 42. Kg2 Nxc3 43. Ne5 Qd5+ 44. Kg3 Ne4+ 45. Kf4 Nc5 0-1

[Event "Herzliya Dobkin Memorial"]
[Site "Herzliya"]
[Date "2019.11.28"]
[Round "2"]
[White "Bykhovsky, Avigdor"]
[Black "Emanuel, Yahav"]
[Result "1/2-1/2"]
[WhiteElo "2408"]
[BlackElo "2375"]
[PlyCount "94"]
[EventDate "2019.11.27"]
[EventType "tourn"]
[EventRounds "9"]
[EventCountry "ISR"]
[EventCategory "8"]
[SourceTitle "CBM 193 Extra"]
[Source "ChessBase"]
[SourceDate "2020.01.31"]
[SourceVersion "1"]
[SourceVersionDate "2020.01.31"]
[SourceQuality "1"]

1. d4 Nf6 2. c4 e6 3. Nf3 d5 4. Nc3 a6 5. cxd5 exd5 6. Bg5 Be6 7. e3 Nbd7 8. Be2 Bd6 9. Bh4 h6 10. Bg3 Qe7 11. a3 c5 12. Bxd6 Qxd6 13. dxc5 Nxc5 14. 0-0 0-0 15. Rc1 Rac8 16. b4 Nce4 17. Nxe4 Nxe4 18. Qd4 Rxc1 19. Rxc1 Rc8 20. Qb2 Qd8 21. Nd4 Rxc1+ 22. Qxc1 Qc8 23. Qxc8+ Bxc8 24. Kf1 Kf8 25. Ke1 Ke7 26. Bd3 g6 27. f3 Ng5 28. Kd2 Kd6 29. Kc3 Ne6 30. Nxe6 Bxe6 31. Kd4 Bd7 32. Bc2 b6 33. Bb3 Bc6 34. f4 f6 35. g3 a5 36. Bc2 g5 37. Bh7 axb4 38. axb4 Bd7 39. Bg8 Bc6 40. h4 Bb7 41. fxg5 fxg5 42. hxg5 hxg5 43. b5 Ba8 44. Bh7 Bb7 45. Bf5 Ba8 46. Bc8 Kc7 47. Bf5 Kd6 1/2-1/2

[Event "EU-chT U18 "]
[Site "Pardubice"]
[Date "2019.07.15"]
[Round "5.3"]
[White "Emanuel, Yahav"]
[Black "Parvanyan, Ashot"]
[Result "0-1"]
[WhiteElo "2359"]
[BlackElo "2423"]
[PlyCount "96"]
[EventDate "2019.07.11"]
[EventType "team-swiss"]
[EventRounds "7"]
[EventCountry "CZE"]
[SourceTitle "CBM 191 Extra"]
[Source "ChessBase"]
[SourceDate "2019.09.30"]
[SourceVersion "1"]
[SourceVersionDate "2019.09.30"]
[SourceQuality "1"]
[WhiteTeam "Israel U18"]
[BlackTeam "Germany U18"]
[WhiteTeamCountry "ISR"]
[BlackTeamCountry "GER"]

1. e4 e6 2. d4 d5 3. Nc3 Bb4 4. e5 Ne7 5. Bd2 b6 6. Nce2 Bxd2+ 7. Qxd2 a5 8. h4 Ba6 9. h5 h6 10. f4 c5 11. Nf3 Nbc6 12. c3 Qd7 13. g4 Rc8 14. Ng3 Bxf1 15. Nxf1 cxd4 16. cxd4 Nb4 17. Ne3 Qb5 18. Kf2 a4 19. a3 Nbc6 20. f5 Na5 21. Rad1 Nc4 22. Nxc4 dxc4 23. Rhg1 Nd5 24. g5 c3 25. bxc3 Rxc3 26. Rc1 Qb3 27. Rxc3 Nxc3 28. Qd3 Qb2+ 29. Kf1 exf5 30. Nd2 Qb5 31. Nc4 Ne4 32. Kg2 Qd5 33. Ne3 Qa2+ 34. Nc2 Qb3 35. Qxb3 axb3 36. Ne3 Nc3 37. Nd1 Nd5 38. Kf3 hxg5 39. Rxg5 Ke7 40. Rxg7 Rxh5 41. Kg2 Ne3+ 42. Nxe3 b2 43. Rg8 b1Q 44. Nd5+ Kd7 45. Nf6+ Kc7 46. Nxh5 Qe4+ 47. Kg3 Qe1+ 48. Kf4 Qf2+ 0-1

[Event "EU-chT U18 "]
[Site "Pardubice"]
[Date "2019.07.13"]
[Round "3.4"]
[White "Emanuel, Yahav"]
[Black "Chylewski, Patryk"]
[Result "1/2-1/2"]
[WhiteElo "2359"]
[BlackElo "2376"]
[PlyCount "84"]
[EventDate "2019.07.11"]
[EventType "team-swiss"]
[EventRounds "7"]
[EventCountry "CZE"]
[SourceTitle "CBM 191 Extra"]
[Source "ChessBase"]
[SourceDate "2019.09.30"]
[SourceVersion "1"]
[SourceVersionDate "2019.09.30"]
[SourceQuality "1"]
[WhiteTeam "Israel U18"]
[BlackTeam "Poland U18"]
[WhiteTeamCountry "ISR"]
[BlackTeamCountry "POL"]

1. e4 c5 2. Nf3 e6 3. Nc3 Nc6 4. d4 cxd4 5. Nxd4 Qc7 6. Be2 a6 7. 0-0 Nf6 8. Be3 Be7 9. f4 d6 10. Qe1 0-0 11. Qg3 Nxd4 12. Bxd4 b5 13. a3 Bb7 14. Rad1 Rad8 15. Kh1 Rd7 16. Bf3 Qd8 17. e5 dxe5 18. fxe5 Nh5 19. Qg4 Bxf3 20. Rxf3 f5 21. exf6 Bxf6 22. Rdf1 Rxd4 23. Qxh5 Qe8 24. Qc5 Qe7 25. Qb6 Qd6 26. Qxd6 Rxd6 27. Ne4 Rd4 28. Re1 Rd5 29. c3 Be7 30. Rfe3 Re5 31. g3 Rd8 32. Kg2 Rd7 33. R3e2 Bd8 34. h4 h6 35. Nf2 Rxe2 36. Rxe2 Kf7 37. Kf3 Bb6 38. Ke4 Bxf2 39. Rxf2+ Ke7 40. Ke3 Rd1 41. Rf4 Re1+ 42. Kf2 Rb1 1/2-1/2

[Event "EU-chT U18 "]
[Site "Pardubice"]
[Date "2019.07.12"]
[Round "2.3"]
[White "Emanuel, Yahav"]
[Black "Morgunov, Daniel"]
[Result "1/2-1/2"]
[WhiteElo "2359"]
[BlackElo "2316"]
[PlyCount "84"]
[EventDate "2019.07.11"]
[EventType "team-swiss"]
[EventRounds "7"]
[EventCountry "CZE"]
[SourceTitle "CBM 191 Extra"]
[Source "ChessBase"]
[SourceDate "2019.09.30"]
[SourceVersion "1"]
[SourceVersionDate "2019.09.30"]
[SourceQuality "1"]
[WhiteTeam "Israel U18"]
[BlackTeam "Austria U18"]
[WhiteTeamCountry "ISR"]
[BlackTeamCountry "AUT"]

1. e4 c5 2. Nf3 d6 3. d4 cxd4 4. Nxd4 Nf6 5. Nc3 a6 6. Be2 e5 7. Nb3 Be7 8. 0-0 0-0 9. Kh1 Re8 10. f4 b5 11. a4 b4 12. Nd5 Bb7 13. Bf3 Nbd7 14. a5 Nxd5 15. exd5 Bf6 16. Ra4 e4 17. Be2 Nc5 18. Rxb4 Rb8 19. Be3 Ba8 20. Rxb8 Qxb8 21. Nxc5 dxc5 22. Bxc5 Rd8 23. c4 Qxb2 24. Bb6 Rb8 25. Bc7 Rf8 26. Bg4 g6 27. Qc1 Qa2 28. Bb6 Re8 29. Rf2 Qa4 30. Bd1 Qb4 31. Be2 Bd8 32. Qe3 Bf6 33. Rf1 Bc3 34. Rd1 Bf6 35. c5 Bxd5 36. Bxa6 Bc4 37. Bb7 Qa4 38. Rc1 Bb2 39. Re1 Bb5 40. h3 Bd4 41. Qg3 Qc2 42. c6 Bxb6 1/2-1/2

[Event "Netanya op"]
[Site "Netanya"]
[Date "2019.07.01"]
[Round "8"]
[White "Bilych, Olexiy"]
[Black "Emanuel, Yahav"]
[Result "0-1"]
[WhiteElo "2203"]
[BlackElo "2359"]
[PlyCount "58"]
[EventDate "2019.06.23"]
[EventType "swiss"]
[EventRounds "9"]
[EventCountry "ISR"]
[SourceTitle "CBM 191 Extra"]
[Source "ChessBase"]
[SourceDate "2019.09.30"]
[SourceVersion "1"]
[SourceVersionDate "2019.09.30"]
[SourceQuality "1"]

1. e4 e5 2. Nf3 Nc6 3. Bb5 a6 4. Ba4 Nf6 5. d3 d6 6. c3 g6 7. 0-0 Bg7 8. h3 0-0 9. Be3 Bd7 10. Nbd2 Qe7 11. Re1 Rae8 12. Bc2 Nh5 13. d4 Nd8 14. d5 f5 15. exf5 Bxf5 16. Bxf5 gxf5 17. Nxe5 dxe5 18. Qxh5 f4 19. Bd4 Qd6 20. Nc4 Qxd5 21. Rxe5 Rxe5 22. Bxe5 Nf7 23. Rd1 Qxc4 24. Bxg7 Kxg7 25. Rd5 Qxa2 26. Qg4+ Kh8 27. Rf5 Qb1+ 28. Kh2 Qe4 29. Qh5 Rg8 0-1

[Event "Netanya op"]
[Site "Netanya"]
[Date "2019.06.27"]
[Round "5"]
[White "Emanuel, Yahav"]
[Black "Kochavi, Ori"]
[Result "1-0"]
[WhiteElo "2359"]
[BlackElo "2152"]
[PlyCount "57"]
[EventDate "2019.06.23"]
[EventType "swiss"]
[EventRounds "9"]
[EventCountry "ISR"]
[SourceTitle "CBM 191 Extra"]
[Source "ChessBase"]
[SourceDate "2019.09.30"]
[SourceVersion "1"]
[SourceVersionDate "2019.09.30"]
[SourceQuality "1"]

1. e4 c6 2. d4 d5 3. e5 Bf5 4. c4 e6 5. Nc3 dxc4 6. Bxc4 Nd7 7. Nge2 Ne7 8. Ng3 Nb6 9. Bb3 Bg6 10. h4 h6 11. h5 Bh7 12. Be3 Ned5 13. Qg4 Qd7 14. Nge4 0-0-0 15. 0-0 Kb8 16. a4 a5 17. Nc5 Qc7 18. N3e4 Rg8 19. Bd2 f5 20. exf6 gxf6 21. Qh4 Bf5 22. f3 Bxc5 23. Nxc5 e5 24. Rf2 exd4 25. Qxd4 Qe5 26. Qxe5+ fxe5 27. Bxh6 Nf4 28. Bxf4 exf4 29. Bxg8 1-0

[Event "Netanya op"]
[Site "Netanya"]
[Date "2019.06.23"]
[Round "1"]
[White "Emanuel, Yahav"]
[Black "Smoliar, Klim"]
[Result "1-0"]
[WhiteElo "2359"]
[BlackElo "1871"]
[PlyCount "63"]
[EventDate "2019.06.23"]
[EventType "swiss"]
[EventRounds "9"]
[EventCountry "ISR"]
[SourceTitle "CBM 191 Extra"]
[Source "ChessBase"]
[SourceDate "2019.09.30"]
[SourceVersion "1"]
[SourceVersionDate "2019.09.30"]
[SourceQuality "1"]

1. e4 c5 2. Nf3 d6 3. d4 cxd4 4. Nxd4 Nf6 5. Nc3 Bd7 6. Be2 e5 7. Nb3 Bc6 8. Bf3 a5 9. Bg5 a4 10. Nd2 Nbd7 11. 0-0 b5 12. b4 Be7 13. Qe2 Qb6 14. Rfd1 0-0 15. Nf1 Qb7 16. Ne3 h6 17. Nf5 Nb6 18. Bxf6 Bxf6 19. Nxd6 Qa6 20. a3 Rfd8 21. Ndxb5 Qb7 22. Nd6 Qc7 23. Nf5 Bd7 24. Nb5 Bxb5 25. Qxb5 Rab8 26. Ne3 Rd4 27. Qe2 Qc3 28. Ra2 g6 29. g3 Nc4 30. Rxd4 Nxe3 31. Rd3 Qc4 32. Rb2 1-0

[Event "EU-ch 20th"]
[Site "Skopje"]
[Date "2019.03.18"]
[Round "1"]
[White "Meskovs, Nikita"]
[Black "Emanuel, Yahav"]
[Result "1-0"]
[WhiteElo "2568"]
[BlackElo "2245"]
[PlyCount "153"]
[EventDate "2019.03.18"]
[EventType "swiss"]
[EventRounds "11"]
[EventCountry "MKD"]
[SourceTitle "CBM 189"]
[Source "ChessBase"]
[SourceDate "2019.04.29"]
[SourceVersion "1"]
[SourceVersionDate "2019.04.29"]
[SourceQuality "1"]

1. c4 Nf6 2. Nf3 e6 3. d4 d5 4. g3 dxc4 5. Bg2 Nc6 6. Qa4 Bb4+ 7. Bd2 Nd5 8. Bxb4 Ndxb4 9. Ne5 0-0 10. Nxc6 Nxc6 11. Bxc6 bxc6 12. Qxc4 Rb8 13. Nc3 Rxb2 14. Na4 Rb5 15. 0-0 Qd6 16. Nc5 a5 17. Ne4 Qd5 18. Qxd5 exd5 19. Nc5 Rb2 20. e3 Bf5 21. Rfc1 Bc2 22. a4 Rfb8 23. Kf1 R8b4 24. Ke1 h5 25. h4 Kf8 26. Ra3 Ke7 27. Rc3 Bf5 28. Ra3 Kd6 29. Kf1 Bh3+ 30. Kg1 Bf5 31. Kf1 g6 32. Ke1 Bc2 33. Rc3 Bf5 34. Ra3 Rb6 35. Kf1 Bg4 36. Kg2 Bf5 37. Kf1 f6 38. Kg2 R6b4 39. Rca1 Bb1 40. Rc3 Rb6 41. Rc1 Bc2 42. Ra3 Bf5 43. Rca1 Bb1 44. Rc3 Bc2 45. Rc1 Bf5 46. Ra3 Rd2 47. Rf1 Rbb2 48. Rb3 Ra2 49. Rb8 Ke7 50. Rb7 Kd8 51. Rb8+ Ke7 52. Rb7 Bd3 53. Nxd3 Rxd3 54. Rxc7+ Kd6 55. Rg7 Rxe3 56. Rxg6 Re6 57. g4 Rxa4 58. Rd1 hxg4 59. h5 f5 60. Re1 Rxg6 61. hxg6 Rb4 62. Kg3 a4 63. Re8 Rb7 64. Kf4 a3 65. Kxf5 Ra7 66. Re6+ Kc7 67. g7 Ra8 68. Re1 c5 69. dxc5 Kc6 70. Ra1 Kxc5 71. Rxa3 Rg8 72. Kf6 Kd4 73. Ra4+ Kc3 74. Rxg4 d4 75. Kf7 Rxg7+ 76. Kxg7 d3 77. f4 1-0

[Event "ISR-ch U18"]
[Site "Israel"]
[Date "2019.01.15"]
[Round "3"]
[White "Bronstein, Or"]
[Black "Emanuel, Yahav"]
[Result "0-1"]
[WhiteElo "2370"]
[BlackElo "2201"]
[PlyCount "96"]
[EventDate "2019.01.08"]
[EventType "tourn"]
[EventRounds "9"]
[EventCountry "ISR"]
[EventCategory "2"]
[SourceTitle "CBM 189 Extra"]
[Source "ChessBase"]
[SourceDate "2019.06.03"]
[SourceVersion "1"]
[SourceVersionDate "2019.06.03"]
[SourceQuality "1"]

1. c4 Nf6 2. Nc3 e6 3. e4 c5 4. Nf3 Nc6 5. d4 cxd4 6. Nxd4 Bb4 7. Nxc6 bxc6 8. Bd3 e5 9. 0-0 0-0 10. Qc2 h6 11. a3 Bc5 12. b4 Bd4 13. c5 a5 14. Rb1 axb4 15. axb4 d6 16. Ne2 dxc5 17. Nxd4 cxd4 18. Qxc6 Bd7 19. Qc5 Qb8 20. b5 Rc8 21. Qe7 Rc3 22. Rd1 Ra7 23. Qb4 Be6 24. b6 Ra2 25. b7 Nd7 26. Bf1 Ra7 27. f4 Rc7 28. Qd6 Raxb7 29. Rxb7 Qxb7 30. fxe5 Nc5 31. Ba3 Nb3 32. Bb2 Rd7 33. Qa6 Qc7 34. Ba3 Qxe5 35. Qb5 Qf4 36. e5 g6 37. Qb8+ Kh7 38. Bd6 Qe4 39. Rd3 Na5 40. Qe8 Nc6 41. Qa8 Ra7 42. Qf8 Nxe5 43. Rg3 Nd7 44. Qd8 Ra1 45. Rf3 d3 46. Qe7 Qxf3 47. gxf3 d2 48. Be5 Nxe5 0-1

[Event "ISR-ch U18"]
[Site "Israel"]
[Date "2019.01.09"]
[Round "2"]
[White "Iliaguev, Nisim"]
[Black "Emanuel, Yahav"]
[Result "1-0"]
[WhiteElo "2360"]
[BlackElo "2201"]
[PlyCount "55"]
[EventDate "2019.01.08"]
[EventType "tourn"]
[EventRounds "9"]
[EventCountry "ISR"]
[EventCategory "2"]
[SourceTitle "CBM 189 Extra"]
[Source "ChessBase"]
[SourceDate "2019.06.03"]
[SourceVersion "1"]
[SourceVersionDate "2019.06.03"]
[SourceQuality "1"]

1. d4 Nf6 2. g3 d5 3. Bg2 e6 4. Nf3 Nbd7 5. 0-0 Bd6 6. c4 c6 7. Nc3 0-0 8. Nd2 Bc7 9. e4 dxc4 10. Nxc4 b5 11. Ne3 b4 12. Na4 Ba6 13. Re1 e5 14. d5 cxd5 15. exd5 e4 16. d6 Ba5 17. Nf5 Bb5 18. Bg5 b3 19. Rxe4 bxa2 20. Rxa2 Rb8 21. Nc3 g6 22. Ne7+ Kg7 23. Rh4 Re8 24. Ncd5 Nxd5 25. Bxd5 Qb6 26. Rxa5 Qxd6 27. Qd4+ f6 28. Bh6+ 1-0

[Event "ISR-ch"]
[Site "Maalot Tarshiha"]
[Date "2018.12.18"]
[Round "7"]
[White "Kupervaser, Erez"]
[Black "Emanuel, Yahav"]
[Result "1/2-1/2"]
[WhiteElo "2168"]
[BlackElo "2221"]
[PlyCount "139"]
[EventDate "2018.12.12"]
[EventType "swiss"]
[EventRounds "9"]
[EventCountry "ISR"]
[SourceTitle "CBM 187 Extra"]
[Source "ChessBase"]
[SourceDate "2018.11.04"]
[SourceVersion "1"]
[SourceVersionDate "2018.11.04"]
[SourceQuality "1"]

1. e4 e5 2. Nf3 Nc6 3. d4 exd4 4. Nxd4 Nf6 5. Nxc6 bxc6 6. e5 Qe7 7. Qe2 Nd5 8. h4 d6 9. c4 Ba6 10. exd6 cxd6 11. Qxe7+ Nxe7 12. b3 h5 13. Bb2 Rh6 14. Be2 Re6 15. Nc3 d5 16. 0-0-0 dxc4 17. Bxh5 cxb3 18. axb3 Rb8 19. Na4 Be2 20. Bxe2 Rxe2 21. Nc3 Rxf2 22. Ne4 Rxg2 23. Nd6+ Kd7 24. Nxf7+ Nd5 25. Rh3 Bd6 26. Nxd6 Kxd6 27. Rf3 Kc5 28. Bd4+ Kb4 29. Rd2 Rxd2 30. Kxd2 Rh8 31. Bf2 a5 32. Be1 Re8 33. Kd1+ Kb5 34. Bd2 Re4 35. Rf7 Rxh4 36. Rxg7 Nb4 37. Bxb4 Kxb4 38. Rb7+ Kc3 39. Rb6 Rh1+ 40. Ke2 Rh2+ 41. Kd1 Rh1+ 42. Ke2 Rh2+ 43. Kd1 c5 44. Rb5 Rh1+ 45. Ke2 Rh2+ 46. Kd1 Rh1+ 47. Ke2 Rh5 48. Kd1 Kb2 49. Kd2 Rd5+ 50. Ke3 Kc2 51. Ke4 Rg5 52. Kf4 Rh5 53. Ke4 Kc3 54. Ke3 Rf5 55. Ke4 Rh5 56. Ke3 Re5+ 57. Kf4 Re1 58. Rxc5+ Kb4 59. Rh5 Ra1 60. Ke3 Kxb3 61. Kd2 a4 62. Rb5+ Ka2 63. Kc2 Rh1 64. Rb7 a3 65. Rb8 Ka1 66. Rb7 Rh2+ 67. Kc1 Rb2 68. Ra7 a2 69. Rc7 Rc2+ 70. Rxc2 1/2-1/2

[Event "ISR-ch"]
[Site "Maalot Tarshiha"]
[Date "2018.12.12"]
[Round "1"]
[White "Emanuel, Yahav"]
[Black "Bakalchuk, Johnatan"]
[Result "0-1"]
[WhiteElo "2221"]
[BlackElo "2442"]
[PlyCount "106"]
[EventDate "2018.12.12"]
[EventType "swiss"]
[EventRounds "9"]
[EventCountry "ISR"]
[SourceTitle "CBM 187 Extra"]
[Source "ChessBase"]
[SourceDate "2018.11.04"]
[SourceVersion "1"]
[SourceVersionDate "2018.11.04"]
[SourceQuality "1"]

1. e4 c5 2. Nf3 g6 3. d4 cxd4 4. Nxd4 Bg7 5. Nc3 Nc6 6. Be3 Nf6 7. Bc4 0-0 8. Bb3 d6 9. f3 Bd7 10. Qd2 Nxd4 11. Bxd4 b5 12. 0-0-0 a5 13. Nd5 Nxd5 14. Bxd5 Rc8 15. Bxg7 Kxg7 16. a3 Qc7 17. h4 h5 18. g4 Rh8 19. Rh2 b4 20. axb4 axb4 21. Qd4+ e5 22. Qxb4 hxg4 23. fxg4 Bxg4 24. Rf2 f6 25. Rh1 Rb8 26. Qa3 Rb5 27. Rhf1 Ra5 28. Qg3 Rc8 29. c3 Ra1+ 30. Kc2 Rxf1 31. Rxf1 Be2 32. Ra1 Qb6 33. Ra4 Kh7 34. Bf7 Bh5 35. Bc4 Rc7 36. b3 Qc5 37. Kd2 Ra7 38. Rxa7+ Qxa7 39. Ke1 Qa1+ 40. Kf2 Qb2+ 41. Kf1 Qc1+ 42. Qe1 Qf4+ 43. Qf2 Bf3 44. Bd3 d5 45. exd5 e4 46. Bxe4 Qxe4 47. d6 Qd3+ 48. Kg1 Be4 49. Qf4 Bf5 50. c4 Qxb3 51. Kf1 Kg7 52. Kf2 Kf7 53. Ke1 Ke6 0-1

[Event "Chigorin Memorial 25th"]
[Site "St Petersburg"]
[Date "2017.10.27"]
[Round "7"]
[White "Emanuel, Yahav"]
[Black "Vasilenko, Ekaterina"]
[Result "1-0"]
[WhiteElo "2088"]
[BlackElo "1806"]
[PlyCount "55"]
[EventDate "2017.10.21"]
[EventType "swiss"]
[EventRounds "9"]
[EventCountry "RUS"]
[SourceTitle "CBM 181 Extra"]
[Source "ChessBase"]
[SourceDate "2017.12.12"]
[SourceVersion "1"]
[SourceVersionDate "2017.12.12"]
[SourceQuality "1"]

1. e4 e6 2. d4 d5 3. Nc3 Bb4 4. Qd3 Nc6 5. a3 Ba5 6. e5 Nge7 7. Nf3 a6 8. b4 Bb6 9. h4 Nf5 10. Ne2 h5 11. g3 Bd7 12. Bh3 Nce7 13. a4 a5 14. b5 Nh6 15. Bg5 c6 16. Nf4 Nhg8 17. bxc6 bxc6 18. Rb1 c5 19. Nxd5 exd5 20. Bxd7+ Qxd7 21. Rxb6 Qxa4 22. 0-0 c4 23. Qc3 Nc6 24. Ra1 Qxa1+ 25. Qxa1 Nge7 26. Bxe7 Nxe7 27. Qa4+ Kf8 28. Qa3 1-0

[Event "Chigorin Memorial 25th"]
[Site "St Petersburg"]
[Date "2017.10.23"]
[Round "3"]
[White "Emanuel, Yahav"]
[Black "Duzhakov, Ilya"]
[Result "0-1"]
[WhiteElo "2088"]
[BlackElo "2423"]
[PlyCount "46"]
[EventDate "2017.10.21"]
[EventType "swiss"]
[EventRounds "9"]
[EventCountry "RUS"]
[SourceTitle "CBM 181 Extra"]
[Source "ChessBase"]
[SourceDate "2017.12.12"]
[SourceVersion "1"]
[SourceVersionDate "2017.12.12"]
[SourceQuality "1"]

1. e4 e6 2. d4 d5 3. Nc3 Bb4 4. Nge2 Nf6 5. Bg5 dxe4 6. a3 Be7 7. Bxf6 gxf6 8. Nxe4 b6 9. Qd3 Bb7 10. 0-0-0 Nd7 11. g4 c6 12. Qg3 Rg8 13. Qh3 Nf8 14. Nf4 Qc7 15. Nh5 0-0-0 16. Bg2 Ng6 17. Qe3 Nh4 18. Bh3 c5 19. Rhe1 cxd4 20. Qh6 Nf3 21. Qxh7 Nxe1 22. Rxe1 d3 23. c3 f5 0-1

[Event "Chigorin Memorial 25th"]
[Site "St Petersburg"]
[Date "2017.10.22"]
[Round "2"]
[White "Shubin, Kirill"]
[Black "Emanuel, Yahav"]
[Result "0-1"]
[WhiteElo "2359"]
[BlackElo "2088"]
[PlyCount "78"]
[EventDate "2017.10.21"]
[EventType "swiss"]
[EventRounds "9"]
[EventCountry "RUS"]
[SourceTitle "CBM 181 Extra"]
[Source "ChessBase"]
[SourceDate "2017.12.12"]
[SourceVersion "1"]
[SourceVersionDate "2017.12.12"]
[SourceQuality "1"]

1. e4 e5 2. Nf3 Nc6 3. Bb5 a6 4. Ba4 Nf6 5. 0-0 Be7 6. Re1 b5 7. Bb3 d6 8. c3 0-0 9. h3 Nb8 10. d4 Nbd7 11. Nbd2 Bb7 12. Bc2 Re8 13. Nf1 Bf8 14. Ng3 g6 15. b3 c5 16. d5 Bg7 17. a4 Nb6 18. Be3 Qd7 19. a5 Nc8 20. Qd2 Ne7 21. Bh6 Rf8 22. c4 b4 23. Qg5 Rae8 24. Nh4 Bxh6 25. Qxh6 Kh8 26. Ngf5 Nxf5 27. exf5 Ng8 28. Qe3 Qe7 29. g3 Kg7 30. Nf3 Bc8 31. g4 gxf5 32. gxf5 Nh6 33. Kh2 Nxf5 34. Qe4 Kh8 35. Rg1 Rg8 36. h4 f6 37. Rxg8+ Rxg8 38. Rg1 Nh6 39. Rxg8+ Kxg8 0-1

[Event "Wch U14"]
[Site "Khanty-Mansiysk"]
[Date "2016.10.03"]
[Round "11"]
[White "Emanuel, Yahav"]
[Black "Olsen, Filip Boe"]
[Result "0-1"]
[WhiteElo "2014"]
[BlackElo "2241"]
[PlyCount "86"]
[EventDate "2016.09.22"]
[EventType "swiss"]
[EventRounds "11"]
[EventCountry "RUS"]
[SourceTitle "EXT 2017"]
[Source "ChessBase"]
[SourceDate "2016.10.25"]
[SourceVersion "1"]
[SourceVersionDate "2016.10.25"]
[SourceQuality "1"]

1. e4 c6 2. d4 d5 3. exd5 cxd5 4. c4 Nf6 5. Nc3 Nc6 6. Nf3 e6 7. c5 Be7 8. Bb5 0-0 9. 0-0 Ne4 10. Qc2 f5 11. Ne2 Bf6 12. Bf4 g5 13. Bxc6 bxc6 14. Be5 Be7 15. Nd2 Bf6 16. Nf3 Be7 17. Nd2 Nf6 18. f4 Ng4 19. Rf3 Nxe5 20. fxe5 Ba6 21. Re1 g4 22. Rf2 Bxe2 23. Rexe2 f4 24. h3 Bh4 25. hxg4 Bxf2+ 26. Rxf2 Qg5 27. Qa4 Rac8 28. Qxa7 Qxg4 29. Qd7 h5 30. Nf3 Rfe8 31. a3 h4 32. Kf1 Qg6 33. Rd2 Qh5 34. Rf2 Kh8 35. Ke1 Qg6 36. Nxh4 Qb1+ 37. Ke2 Qxb2+ 38. Kf3 Qc3+ 39. Kg4 Qg3+ 40. Kh5 Rg8 41. Qe7 Rg7 42. Qf6 Qg4+ 43. Kh6 Kg8 0-1

[Event "Wch U14"]
[Site "Khanty-Mansiysk"]
[Date "2016.10.02"]
[Round "10"]
[White "Emanuel, Yahav"]
[Black "Gunduz, Umut Erdem"]
[Result "1-0"]
[WhiteElo "2014"]
[BlackElo "2109"]
[PlyCount "55"]
[EventDate "2016.09.22"]
[EventType "swiss"]
[EventRounds "11"]
[EventCountry "RUS"]
[SourceTitle "EXT 2017"]
[Source "ChessBase"]
[SourceDate "2016.10.25"]
[SourceVersion "1"]
[SourceVersionDate "2016.10.25"]
[SourceQuality "1"]

1. e4 e5 2. Bc4 Qe7 3. Nc3 c6 4. d3 Nf6 5. a4 a5 6. Nf3 h6 7. h3 d6 8. Be3 Qc7 9. Qd2 Be7 10. g3 Na6 11. d4 Nb4 12. Bb3 Bd7 13. Kf1 g5 14. Kg2 Rh7 15. h4 gxh4 16. Rxh4 Ng4 17. Bg5 Bf8 18. dxe5 dxe5 19. Nh2 Nxh2 20. Rxh2 Na6 21. Rah1 Qb6 22. Bf6 Nc5 23. Rh5 Be6 24. Rxe5 Nxb3 25. cxb3 Qc7 26. f4 Be7 27. Bxe7 Qxe7 28. f5 1-0

[Event "Wch U14"]
[Site "Khanty-Mansiysk"]
[Date "2016.10.01"]
[Round "9"]
[White "Ganerdene, Sugar"]
[Black "Emanuel, Yahav"]
[Result "1/2-1/2"]
[WhiteElo "2056"]
[BlackElo "2014"]
[PlyCount "113"]
[EventDate "2016.09.22"]
[EventType "swiss"]
[EventRounds "11"]
[EventCountry "RUS"]
[SourceTitle "EXT 2017"]
[Source "ChessBase"]
[SourceDate "2016.10.25"]
[SourceVersion "1"]
[SourceVersionDate "2016.10.25"]
[SourceQuality "1"]

1. e4 e5 2. Nf3 Nc6 3. Bc4 Nf6 4. d3 h6 5. 0-0 d6 6. c3 g6 7. Re1 Bg7 8. Bb3 0-0 9. Nbd2 Qe7 10. Nf1 Be6 11. Ng3 Rad8 12. Bc2 d5 13. Qe2 dxe4 14. dxe4 Ne8 15. Ba4 Na5 16. b4 Nc4 17. Bb3 Ned6 18. Nd2 b5 19. Nxc4 Nxc4 20. a4 a6 21. axb5 axb5 22. Ra6 Rd6 23. Rxd6 cxd6 24. Rd1 Ra8 25. Qc2 Ra6 26. Nf1 Qb7 27. f3 h5 28. Kh1 Qb6 29. Qe2 Qc6 30. Re1 Ra1 31. h3 Kh7 32. Kh2 Nb6 33. Bxe6 fxe6 34. Bd2 Ra3 35. Rc1 Nc4 36. Be1 Bh6 37. Rd1 Qa6 38. Qf2 Bf4+ 39. Kh1 Qa4 40. Rd3 Ra2 41. Qh4 Qa7 42. Rd1 Qf7 43. Qd8 Ra7 44. Bf2 Qc7 45. Qxc7+ Rxc7 46. g3 Bg5 47. Kg2 Kg7 48. h4 Bh6 49. Rd3 Kf7 50. g4 hxg4 51. fxg4 Bf8 52. Ng3 Be7 53. g5 Kg7 54. Kh3 Rc8 55. Rf3 Rf8 56. Rxf8 Kxf8 57. Kg4 1/2-1/2